000 00877nam a2200265Ia 4500
003 OSt
005 20220918170235.0
006 a|||||r|||| 00| 0
007 ta
008 220917b |||||||| |||| 00| 0 eng d
020 _a978 90 272 5939 4 (hbk)
_cUKP 95.00
024 _a317,721
037 _b1321, 06/03/2017, Bright Book Service
_cTextual
040 _aARTS
_cARTS
_beng
041 _2eng
_aeng
082 _aP12:4, Q6
100 _aShort William Michael Ed.
_927870
245 0 _aEmbodiment in latin semantics
260 _aAmsterdam
_bJohn Benjamins Publishing Company The Natherlends
_c2016
300 _a271p.
_ccm.
490 _aStudies in language companion series (SLCS); 174
650 _aLATIN LANGUAGE
_927871
942 _hP12:4, Q6
_cTEXL
_2CC
999 _c133235
_d133235